000 00607nam a2200205 i 4500
001 86713
003 ES-MaACL
005 20230906175517.0
007 t|
008 041215s1928 sp ||||1| spa d
100 1 _aKlein, Paul.
_968218
245 1 0 _aMeteorología y física agrícolas /
_cpor Pablo Klein y José Sanson.
260 _aBarcelona :
_bSalvat,
_c1928.
300 _aVIII, 396 p. :
_bil. ;
_c19 cm.
490 1 _aEnciclopedia agrícola
700 1 _aSanson, José.
_9184009
830 0 _aEnciclopedia agrícola
_9184010
852 _aES-MaACL
_jC-4669
_bR.25224
999 _c86713
_d86713